00262nam a2200109Ia 4500008004100000100002000041245003100061260002200092260000900114546001200123999001700135170619s9999 xx 000 0 und d aTaylor- Shirley 0aCommunication for business bNew Delhi Pearson c2004 aENGLISH c21770d21770